[Event "Gelsenkirchen Koenigsspringer op"]
[Site "Gelsenkirchen"]
[Date "2019.12.29"]
[Round "6"]
[White "Kleinert, Andreas"]
[Black "Cordes, Jule Johanne"]
[Result "1-0"]
[WhiteElo "1802"]
[BlackElo "1678"]
[PlyCount "123"]
[EventDate "2019.12.27"]
[EventType "swiss"]
[EventRounds "7"]
[EventCountry "GER"]
[SourceTitle "CBM 194 Extra"]
[Source "ChessBase"]
[SourceDate "2020.03.31"]
[SourceVersion "1"]
[SourceVersionDate "2020.03.31"]
[SourceQuality "1"]

1. c4 e5 2. g3 Nf6 3. Bg2 d5 4. cxd5 Nxd5 5. Nc3 Nb6 6. Nf3 Nc6 7. a3 Be7 8. b4 a5 9. b5 Nd4 10. e3 Nxf3+ 11. Bxf3 a4 12. 0-0 0-0 13. Qc2 Re8 14. d3 Bf8 15. Bb2 Ra7 16. Rfc1 Bf5 17. Ne4 Bd6 18. Nxd6 cxd6 19. Qc7 Bxd3 20. Qxd8 Rxd8 21. Rd1 Bxb5 22. Bxe5 Bc6 23. Bxc6 bxc6 24. Rxd6 Rxd6 25. Bxd6 Nd7 26. Rc1 Ra6 27. Rb1 Ra8 28. Rc1 Ra6 29. Kf1 f6 30. f4 Kf7 31. f5 Ke8 32. Ke2 Kf7 33. Kd3 Rb6 34. Rc3 Ra6 35. e4 Rb6 36. g4 g5 37. h3 Kg7 38. Kd4 Kg8 39. e5 fxe5+ 40. Bxe5 Kf7 41. Bc7 Ra6 42. Bd8 Nf6 43. Bxf6 Kxf6 44. Kc5 Ke7 45. Rd3 Kf7 46. Rd7+ Kg8 47. Rd6 Kf7 48. Rxc6 Ra8 49. Kb5 Re8 50. Rc7+ Kg8 51. Rc3 Re4 52. Rc4 Re3 53. Rxa4 Rxh3 54. Rb4 Rxa3 55. Kc5 Ra6 56. Kd5 Kg7 57. Rb7+ Kg8 58. Ke5 h6 59. f6 Ra5+ 60. Ke6 Ra1 61. Kf5 Ra5+ 62. Kg6 1-0

[Event "Dortmund Sparkassen op-B 47th"]
[Site "Dortmund"]
[Date "2019.07.20"]
[Round "8"]
[White "Kleinert, Andreas"]
[Black "Freiknecht, Holger"]
[Result "0-1"]
[WhiteElo "1759"]
[BlackElo "1833"]
[PlyCount "98"]
[EventDate "2019.07.13"]
[EventType "swiss"]
[EventRounds "9"]
[EventCountry "GER"]
[SourceTitle "CBM 192 Extra"]
[Source "Chessbase"]
[SourceDate "2019.11.06"]
[SourceVersion "1"]
[SourceVersionDate "2019.11.06"]
[SourceQuality "1"]

1. c4 e5 2. g3 d6 3. Bg2 f5 4. e3 Nf6 5. Nc3 Be7 6. Nge2 0-0 7. d3 Qe8 8. 0-0 Kh8 9. f4 Qh5 10. Bd2 Ng4 11. h3 Nf6 12. Nd5 Bd8 13. Bc3 c6 14. Nxf6 Bxf6 15. b4 Qe8 16. Qd2 Na6 17. Rab1 Nc7 18. a4 d5 19. b5 e4 20. bxc6 bxc6 21. cxd5 cxd5 22. Rfc1 Ne6 23. dxe4 dxe4 24. Bxf6 Rxf6 25. Nd4 Ba6 26. Rb4 Rd8 27. Qb2 Nxd4 28. Rxd4 Rb6 29. Qc3 Rc8 30. Qd2 Bd3 31. Rxc8 Qxc8 32. Rb4 h6 33. Rxb6 axb6 34. Bf1 Qc4 35. Bxd3 exd3 36. Kf2 Kh7 37. g4 Kg6 38. a5 Qc2 39. Ke1 bxa5 40. Qxc2 dxc2 41. Kd2 h5 42. g5 Kf7 43. Kxc2 Ke6 44. Kd3 Kd5 45. g6 a4 46. Kc3 Ke4 47. Kb4 Kxe3 48. Kxa4 Kxf4 49. Kb5 Kg5 0-1

[Event "Gelsenkirchen Silvester op 5th"]
[Site "Gelsenkirchen"]
[Date "2017.12.29"]
[Round "4"]
[White "Gausmann, Thomas"]
[Black "Kleinert, Andreas"]
[Result "1/2-1/2"]
[WhiteElo "1618"]
[BlackElo "1776"]
[PlyCount "56"]
[EventDate "2017.12.27"]
[EventType "swiss"]
[EventRounds "5"]
[EventCountry "GER"]
[SourceTitle "CBM 182 Extra"]
[Source "ChessBase"]
[SourceDate "2018.02.23"]
[SourceVersion "1"]
[SourceVersionDate "2018.02.23"]
[SourceQuality "1"]

1. e4 e5 2. Nf3 Nc6 3. Bc4 Nf6 4. Ng5 d5 5. exd5 Na5 6. Bb5+ c6 7. dxc6 bxc6 8. Be2 h6 9. Nf3 e4 10. Ne5 Bc5 11. 0-0 Qd4 12. Ng4 Bxg4 13. Bxg4 e3 14. Bf3 exf2+ 15. Kh1 Qd6 16. c3 Bb6 17. d4 0-0 18. Be3 Bc7 19. g3 Qd7 20. Bxf2 Nc4 21. b3 Nd6 22. Nd2 Rfe8 23. Qc2 Ng4 24. Qd3 Nxf2+ 25. Rxf2 Re7 26. Re2 Rxe2 27. Qxe2 Re8 28. Qf2 Bd8 1/2-1/2

[Event "Gelsenkirchen Silvester op 4th"]
[Site "Gelsenkirchen"]
[Date "2016.12.28"]
[Round "4"]
[White "Kleinert, Andreas"]
[Black "Wolf, Ulrich"]
[Result "1/2-1/2"]
[WhiteElo "1877"]
[BlackElo "2079"]
[PlyCount "52"]
[EventDate "2016.12.27"]
[EventType "swiss"]
[EventRounds "5"]
[EventCountry "GER"]
[SourceTitle "EXT 2019"]
[Source "ChessBase"]
[SourceDate "2018.10.10"]
[SourceVersion "1"]
[SourceVersionDate "2018.10.10"]
[SourceQuality "1"]

1. c4 c5 2. g3 Nf6 3. Bg2 d6 4. Nc3 Nc6 5. e3 g6 6. Nge2 Bg7 7. 0-0 0-0 8. d3 Rb8 9. Rb1 Bf5 10. e4 Bg4 11. h3 Bxe2 12. Nxe2 a6 13. a3 b5 14. cxb5 axb5 15. b4 Nd7 16. Bb2 e5 17. Bc1 Nd4 18. f4 Qb6 19. Nxd4 cxd4 20. f5 Rbc8 21. Bd2 Rc7 22. Rc1 Ra7 23. Qb3 Qa6 24. Ra1 Qa4 25. Qa2 Rc7 26. Rac1 Ra7 1/2-1/2

[Event "Gelsenkirchen Silvester op 4th"]
[Site "Gelsenkirchen"]
[Date "2016.12.27"]
[Round "1"]
[White "Mohaupt, Sascha"]
[Black "Kleinert, Andreas"]
[Result "1-0"]
[WhiteElo "2198"]
[BlackElo "1877"]
[PlyCount "79"]
[EventDate "2016.12.27"]
[EventType "swiss"]
[EventRounds "5"]
[EventCountry "GER"]
[SourceTitle "EXT 2019"]
[Source "ChessBase"]
[SourceDate "2018.10.10"]
[SourceVersion "1"]
[SourceVersionDate "2018.10.10"]
[SourceQuality "1"]

1. e4 c6 2. d4 d5 3. e5 c5 4. dxc5 Nc6 5. Nf3 Bg4 6. c3 Bxf3 7. Qxf3 e6 8. Qg3 Qc7 9. f4 Nge7 10. Bd3 Ng6 11. Be3 Be7 12. h4 Rg8 13. Nd2 b6 14. cxb6 axb6 15. Qf2 Bd8 16. Nf3 h6 17. Bb5 Nge7 18. Nd4 Kf8 19. Nxc6 Nxc6 20. h5 Na5 21. 0-0 Nc4 22. Bd4 f5 23. b3 Na5 24. Rac1 Nb7 25. c4 Qf7 26. cxd5 exd5 27. Bc6 Rb8 28. Qf3 Rh8 29. Bxd5 Qd7 30. e6 Qe7 31. Be5 Nd6 32. Qd3 b5 33. Bxd6 Qxd6 34. Qxf5+ Bf6 35. e7+ Kxe7 36. Rc6 Qd7 37. Re1+ Kd8 38. Rxf6 gxf6 39. Qxf6+ Kc7 40. Rc1+ 1-0

[Event "Gelsenkirchen Silvester op 2nd"]
[Site "Gelsenkirchen"]
[Date "2014.12.29"]
[Round "5"]
[White "Kleinert, Andreas"]
[Black "Lenhardt, Manfred"]
[Result "1/2-1/2"]
[WhiteElo "1862"]
[BlackElo "2091"]
[PlyCount "84"]
[EventDate "2014.12.27"]
[EventType "swiss"]
[EventRounds "5"]
[EventCountry "GER"]
[SourceTitle "EXT 2019"]
[Source "ChessBase"]
[SourceDate "2018.10.10"]
[SourceVersion "1"]
[SourceVersionDate "2018.10.10"]
[SourceQuality "1"]

1. Nf3 d5 2. c4 e6 3. g3 Nf6 4. b3 Be7 5. Bg2 0-0 6. Bb2 c5 7. e3 Nc6 8. 0-0 Qa5 9. Qe2 Bd7 10. Rd1 Rac8 11. Nc3 dxc4 12. bxc4 Rfd8 13. d4 cxd4 14. exd4 Ba3 15. Bxa3 Qxa3 16. Nb5 Qa6 17. Rd3 Na5 18. Ra3 Bxb5 19. cxb5 Qb6 20. Ra4 Nd5 21. Ra3 Qc7 22. Ne5 Nc3 23. Qf3 f6 24. Nd3 Nxb5 25. Rc1 Qb6 26. Rxc8 Rxc8 27. Rxa5 Qxa5 28. Qxb7 Rd8 29. Bh3 Nxd4 30. Nf4 Ne2+ 31. Nxe2 Qe1+ 32. Bf1 Rd1 33. Qc8+ Kf7 34. Qb7+ Kf8 35. Qc8+ Kf7 36. Qb7+ Kf8 37. Qa8+ Kf7 38. Qxa7+ Kf8 39. Qa8+ Kf7 40. Qb7+ Kf8 41. Qc8+ Kf7 42. Qb7+ Kf8 1/2-1/2